| 000 -LEADER |
| fixed length control field |
00327cam a22001097a 4500 |
| 008 - FIXED-LENGTH DATA ELEMENTS--GENERAL INFORMATION |
| fixed length control field |
180718b xxu||||| |||| 00| 0 eng d |
| 082 ## - DEWEY DECIMAL CLASSIFICATION NUMBER |
| Classification number |
XAx5413 B489 |
| 245 ## - TITLE STATEMENT |
| Title |
Housing : in Bihar |
| Statement of responsibility, etc. |
by Public Relations Department, Bihar |
| 260 ## - PUBLICATION, DISTRIBUTION, ETC. |
| Place of publication, distribution, etc. |
|
| Name of publisher, distributor, etc. |
Public Relations Department |
| Date of publication, distribution, etc. |
|
| 300 ## - PHYSICAL DESCRIPTION |
| Extent |
40p. |
| 700 ## - ADDED ENTRY--PERSONAL NAME |
| Personal name |
Bihar.Public Relations Department |